000 00597nam a2200193Ia 4500
003 IN-BaIIA
008 211028s9999 xx 000 0 eng d
020 _a978-0-393-06293-9
040 _cIIA Library
080 _a92:530
_bOHA
100 _aOhanian, H. C
_933165
245 0 _aEinstein's mistakes
_bthe human failings of genius
_cH. C Ohanian
260 _aNew York
_bW. W Norton
_c2008
300 _axix, 394p.
650 _aPhysics - History
_92469
650 _aPhysics - Philosophy
_913218
650 _aScience - History
_92970
942 _cBK
999 _c17546
_d17546